00546nam a2200193Ia 450000500170000000800410001702000260005804000190008404100120010308200170011510000210013224500540015326000540020730000090026150400360027065000140030665100210032085000110034120240216120828.0140110s9999 xx 000 0 und d a9788184570526cRs 995 aLoreto College aEnglish a370.954bPRA aPrasad, Janardan aPanorama of Indian Education, cJanardan Prasad aNew DelhibKanishka Publishers Distributorsc2008 a384p aIncludes bibliography and index aEducation aEducation, India aLCLIB